[Event "10th Mumbai Mayors Cup 2017"]
[Site "Mumbai"]
[Date "2017.06.04"]
[Round "1"]
[White "Amonatov, Farrukh"]
[Black "Moksh Amit Doshi"]
[Result "1-0"]
[WhiteElo "2635"]
[BlackElo "2188"]
[Annotator "TA"]
[PlyCount "69"]
[EventDate "2017.06.04"]
[EventType "swiss"]
[EventCountry "IND"]
[SourceTitle "playchess.com"]
[Source "ChessBase"]
[SourceQuality "1"]

{[%evp 33,69,25,26,20,27,21,21,0,19,0,0,8,7,6,-2,0,30,0,67,47,288,288,619,360,387,379,377,330,662,636,623,610,732,695,912,926,29996,29997]} 1. e4 e5 2. Nf3 Nc6 3. Bb5 {[%cal Bf1b5,Bb5a4,Ba4b3][%mdl 32]} a6 4. Ba4 Nf6 5. O-O Be7 6. Re1 b5 7. Bb3 d6 8. c3 O-O 9. h3 Nb8 10. d4 Nbd7 11. Nbd2 {[%cal Bb1d2,Bd2f1,Bf1g3][%mdl 32]} Bb7 12. Bc2 Re8 13. Nf1 Bf8 14. Ng3 g6 15. a4 c5 16. d5 c4 17. Bg5 Nc5 {LiveBook: 50 Games. C95: Closed Ruy Lopez: Breyer Variation with 10 d4} (17... h6 18. Be3 Nc5 19. Qd2 h5 20. Bg5 Bg7 21. Rf1 Qc7 22. Bh6 Bh8 23. Ng5 Nh7 24. Nxh7 Kxh7 25. Be3 Qe7 26. f4 exf4 27. Bxf4 Kg8 {1-0 (51) Zherebukh,Y (2605)-Caruana,F (2817) Saint Louis 2017}) 18. Qd2 Be7 19. Ra3 Nfd7 {The position is equal.} 20. Bh6 Qc7 $146 ({Predecessor:} 20... Nb6 21. axb5 axb5 22. Rea1 Rxa3 23. Rxa3 Bc8 24. Be3 Qc7 25. Qd1 {½-½ (75) Antal,T (2406)-Andersen,M (2479) Reykjavik 2016}) 21. Nh2 Nb6 $1 {[%cal Rc5a4]} 22. axb5 axb5 23. Rxa8 Rxa8 24. Rf1 Nbd7 25. Ng4 Re8 ({Black should try} 25... Nf6 $11) 26. f4 f6 $2 {[#]} (26... Nf6 $1 $14) 27. f5 $1 $18 {aiming for Bg7!} Qd8 $2 (27... Kf7 28. Qf2 Rg8) 28. h4 Kf7 29. fxg6+ hxg6 30. h5 Rh8 $2 (30... Rg8) 31. hxg6+ Kxg6 32. Nf5 Bf8 {Black hopes to continue with ...Kf7.} 33. Qe3 Qb6 34. Bxf8 {Threatening mate with Nxe5+!} Nxf8 {[#]} 35. Nxe5+ $1 {[%mdl 512] Precision: White = 61%, Black = 25%.} 1-0

[Event "10th Mumbai Mayors Cup 2017"]
[Site "Mumbai"]
[Date "2017.06.04"]
[Round "1"]
[White "Tukhaev, Adam"]
[Black "Yogit, S."]
[Result "1-0"]
[WhiteElo "2567"]
[BlackElo "2183"]
[Annotator "TA"]
[PlyCount "116"]
[EventDate "2017.06.04"]
[EventType "swiss"]
[EventCountry "IND"]
[SourceTitle "playchess.com"]
[Source "ChessBase"]
[SourceQuality "1"]

{[%evp 30,116,52,52,50,51,82,82,75,0,4,-8,-10,-25,4,-11,0,0,0,0,0,0,0,0,0,0,0,0,0,0,0,0,7,-50,0,0,106,102,89,-6,86,4,6,4,48,37,43,41,74,8,8,8,8,8,40,40,44,44,44,1,44,44,44,44,44,49,62,46,53,79,107,74,62,62,56,18,32,23,231,224,216,199,1460,1364,1366,1381,1291,1347,1433]} 1. e4 e5 2. Nf3 Nc6 3. Bb5 a6 4. Ba4 Nf6 5. d3 d6 6. c3 b5 7. Bb3 Be7 8. O-O O-O 9. Nbd2 Na5 10. Bc2 c5 11. Re1 Re8 12. Nf1 h6 13. Ng3 Bf8 14. d4 cxd4 {C90: Closed Ruy Lopez with 7...d6: Early deviations} 15. cxd4 Bg4 16. d5 $1 {LiveBook: 4 Games} Qc7 {White is slightly better.} 17. Bd3 Rec8 18. h3 Bd7 {[#]} 19. Nh2 $146 (19. Rb1 $16) ({Predecessor:} 19. Nh4 g6 20. Rf1 Bg7 21. Nf3 Nc4 22. b3 {1-0 (45) Minasian,A (2571)-Edvardsson,K (2266) Kemer 2007}) 19... Nb7 $1 $11 {[%cal Ba5b7,Bb7c5,Bc5a4][%mdl 32]} 20. f4 Nc5 21. Bf1 Na4 22. Re2 b4 23. Rf2 Qb6 24. Qf3 Rc2 25. Be3 Qc7 26. fxe5 dxe5 27. Nh5 Nxh5 $1 28. Qxf7+ Kh8 {And now ...Bc5 would win.} 29. Rxc2 Qxc2 30. Qxh5 {next Nf3 is good for White.} Qxe4 31. Qf3 (31. Re1 $11) 31... Qxf3 (31... Qg6 {keeps more tension.} 32. Qf2 Bd6 33. Nf3 Kg8 34. Nh4 Qh7) 32. Nxf3 e4 (32... Bd6 $11 {keeps the balance.}) 33. Ne5 $36 {[%mdl 2048] White is really pushing.} Be8 34. Rc1 (34. Bd4 $16) 34... Rd8 {[#]} (34... Nxb2 $11 {remains equal.} 35. Bd4 Na4) 35. Bxa6 (35. Bd4 $1 $16) 35... Rxd5 $11 36. Ng4 {Threatens to win with Rc8.} Bc5 37. Bb7 Bxe3+ 38. Nxe3 Rc5 39. Rd1 (39. Rxc5 $16 Nxc5 40. Bd5) 39... Bc6 40. Bxc6 Rxc6 {[%mdl 4096] Endgame KRN-KRN} 41. Rd4 Rc1+ 42. Kh2 Ra1 43. Rxb4 Rxa2 44. Rb8+ Kh7 45. Ra8 {Black must now prevent Nd5.} Nc3 $1 46. Rxa2 Nxa2 $14 {KN-KN} 47. Nd5 Kg6 48. b4 {[%cal Bb2b4,Bb4b5,Bb5b6][%mdl 32]} Nc1 $1 49. b5 Nb3 50. b6 Nc5 51. g4 Kf7 $1 52. Kg3 Ke6 53. Ne3 {Nf5 is the strong threat.} g5 $2 {[#]} (53... Kd7 $11) 54. Nf5 $1 $18 Ke5 55. Nxh6 Kd4 $2 (55... Nb7 56. Kf2 Ke6) 56. Nf7 {White is clearly winning.} e3 57. Nxg5 e2 58. Nf3+ Ke3 {Precision: White = 59%, Black = 50%.} 1-0

[Event "10th Mumbai Mayors Cup 2017"]
[Site "Mumbai"]
[Date "2017.06.04"]
[Round "1"]
[White "Karthikeyan, P.."]
[Black "Kiran, Manisha Mohanty"]
[Result "1/2-1/2"]
[WhiteElo "2502"]
[BlackElo "2177"]
[Annotator "TA"]
[PlyCount "69"]
[EventDate "2017.06.04"]
[EventType "swiss"]
[EventCountry "IND"]
[SourceTitle "playchess.com"]
[Source "ChessBase"]
[SourceQuality "1"]

{[%evp 16,69,33,17,16,-24,-7,-14,-4,-11,-10,-37,4,4,4,4,4,-8,-6,0,21,0,3,-9,0,0,0,0,0,0,0,0,0,0,0,0,0,0,0,0,0,0,7,6,6,0,0,0,7,0,7,0,0,0,0,0]} 1. d4 Nf6 2. Nf3 g6 3. Bg5 Ne4 4. Bh4 d5 5. e3 Bg7 6. Be2 O-O 7. O-O c5 8. Nbd2 Nc6 9. c3 cxd4 {D03: 1 d4 d5 2 Nf3 Nf6 3 Bg5, including Torre Attack with early ...d5} (9... Qb6 10. Nxe4 dxe4 11. Nd2 Qxb2 12. Nxe4 cxd4 13. cxd4 Bf5 14. Bf3 Rfc8 15. Qb3 Qxb3 16. axb3 Bxe4 17. Bxe4 {½-½ (58) Salov,V (2655)-Ljubojevic,L (2600) Moscow 1992}) 10. exd4 (10. Nxe4 {with more complications.} dxe4 11. Nxd4 Be5 12. Qc2 Qc7 13. Qxe4 Nxd4 14. cxd4 Bxh2+ 15. Kh1) 10... h6 11. Ne1 $146 ({Predecessor:} 11. Nxe4 dxe4 12. Nd2 g5 13. Bg3 f5 14. f4 gxf4 15. Bxf4 {½-½ (40) Eperjesi,L (2329)-Khechumyan,G (2372) Budapest 1999}) 11... Nd6 12. Bg3 Nf5 13. Bf4 e5 14. Bxe5 {The position is equal.} Nxe5 15. dxe5 Bxe5 16. Nef3 Bg7 17. Nb3 Be6 18. Qd2 Qb6 19. Rfd1 Rad8 20. Nbd4 Nxd4 21. Nxd4 Bxd4 22. cxd4 Kg7 23. Rac1 Rc8 24. Bf3 Rfd8 25. h3 Qd6 26. a3 b6 27. h4 Rxc1 28. Rxc1 Rc8 29. Rxc8 Bxc8 30. Qc3 Be6 31. g3 h5 32. Qe3 Qc6 33. Qe5+ Kh7 34. Kg2 a5 35. Qe2 {Precision: White = 29%, Black = 63%.} 1/2-1/2

[Event "10th Mumbai Mayors Cup 2017"]
[Site "Mumbai"]
[Date "2017.06.04"]
[Round "1"]
[White "Mollah Abdullah, Al Rakib"]
[Black "Pranavananda V"]
[Result "1-0"]
[WhiteElo "2484"]
[BlackElo "2166"]
[Annotator "TA"]
[PlyCount "87"]
[EventDate "2017.06.04"]
[EventType "swiss"]
[EventCountry "IND"]
[SourceTitle "playchess.com"]
[Source "ChessBase"]
[SourceQuality "1"]

{[%evp 19,87,25,25,5,10,16,6,15,37,31,33,18,69,2,12,22,58,48,19,17,21,21,62,0,0,0,0,0,0,0,0,0,11,9,9,8,9,5,18,10,32,29,26,26,30,32,25,26,17,0,0,0,0,0,0,0,0,0,0,0,622,524,763,551,12845,-29990,12846,-29990,12847,-29992]} 1. d4 Nf6 2. Nf3 d5 3. c4 dxc4 4. e3 e6 5. Bxc4 c5 6. O-O a6 7. b3 Nbd7 8. Bb2 Be7 9. Nbd2 {D27: Queen's Gambit Accepted: Classical main line: 7 e4!? and 7 a4} O-O 10. Be2 b6 {LiveBook: 3 Games} 11. dxc5 {White has an edge.} Bxc5 12. Ng5 $146 ({Predecessor:} 12. a3 Bb7 13. b4 Bd6 14. Nc4 Bc7 15. Qd4 Qe7 16. Rac1 Rfd8 17. Qh4 Rac8 18. Rfd1 Nf8 19. Rxd8 Rxd8 {0-1 (38) Rausis,I (2508)-Sadler,M (2667) Enghien les Bains 1999}) 12... Bb7 13. Bf3 Nd5 14. Nge4 Be7 15. Nc4 Qb8 ({Better is} 15... N7f6 $11) 16. Rc1 (16. Qd4 $14 N7f6 17. Ne5 (17. Nxb6 Nxb6 18. Nxf6+ Bxf6 $14)) 16... Rd8 $11 17. Qe2 N5f6 18. Nxf6+ Bxf6 19. Bxf6 Nxf6 20. e4 Bc6 21. e5 (21. Qe3 $14) 21... Bxf3 22. Qxf3 Nd7 23. Rfd1 b5 24. Rxd7 $1 Rxd7 {[#]} 25. Nb6 $1 {[%cal Rb6d7][%mdl 512]} Qxb6 26. Qxa8+ Qd8 $1 {[%cal Rd8a8]} 27. Qxd8+ Rxd8 {[%mdl 4096] Endgame KR-KR} 28. Kf1 g5 29. Rc6 Rd1+ 30. Ke2 Rd5 31. Rxa6 Rxe5+ 32. Kd3 Rd5+ 33. Kc3 Rc5+ 34. Kb4 Rc2 35. Kxb5 Rxf2 36. a4 Rxg2 37. a5 Rxh2 {Strongly threatening ...Ra2.} 38. Rc6 Ra2 {And now ...g4 would win.} 39. a6 {Hoping for Rc5.} g4 $2 {[%mdl 8192] [#]} (39... f5 $11) 40. Rc4 $1 $18 {[%cal Rc4g4]} h5 {Threatens to win with ...g3.} 41. Ra4 Rxa4 42. a7 $4 {[%mdl 8192]} (42. bxa4 $18 h4 43. a7) 42... h4 $4 {[%mdl 8192]} (42... Rxa7 43. b4 h4 44. Kb6 Ra1 45. Kb5 h3 46. Kc4 h2 47. b5 h1=Q 48. Kd4 Qd5+ 49. Kc3 Qxb5 50. Kd4 Ra3 51. Ke4 Qf5+ 52. Kd4 Qd5#) 43. a8=Q+ $4 {[%mdl 8192]} (43. bxa4 $18 Kf8 44. a8=Q+ Kg7 45. a5) 43... Kg7 $4 {[%mdl 8192]} (43... Rxa8 {avoids the disaster.} 44. Kb6 h3 45. Kb7 {[#]} h2 $1 {[%mdl 512]} 46. Kxa8 h1=Q+ 47. Ka7 g3 48. Kb8 g2 49. Kc7 g1=Q 50. Kd6 Qb7 51. Ke5 Qd5+ 52. Kf6 Qgg5#) 44. Qe4 $4 {[%mdl 40960] Precision: White = 68%, Black = 49%. . Loss on Time!?} (44. bxa4 $18 Kh7 45. a5) 1-0

[Event "10th Mumbai Mayors Cup 2017"]
[Site "Mumbai"]
[Date "2017.06.04"]
[Round "1"]
[White "Deepan Chakkravarthy J"]
[Black "Ramakrishna, J.."]
[Result "1-0"]
[WhiteElo "2480"]
[BlackElo "2157"]
[Annotator "TA"]
[PlyCount "65"]
[EventDate "2017.06.04"]
[EventType "swiss"]
[EventCountry "IND"]
[SourceTitle "playchess.com"]
[Source "ChessBase"]
[SourceQuality "1"]

{[%evp 11,65,28,22,19,21,10,3,-19,-12,-106,-15,-12,-32,-47,-42,-30,-43,-26,-12,-20,0,-59,13,0,0,0,7,0,20,31,37,0,96,83,65,59,118,97,144,131,148,150,133,131,145,135,1651,628,591,572,554,286,275,263,333,326]} 1. e4 {[%cal Be2e4,Be4e5][%mdl 32]} c5 2. Nf3 e6 3. b3 Nf6 4. e5 Nd5 5. Bb2 Be7 6. c4 Nb4 {LiveBook: 12 Games} 7. Nc3 {B40: Sicilian: 2...e6, Unusual lines} f6 8. Ne4 $146 {White wants to play exf6.} ({Predecessor:} 8. a3 N4c6 9. Ne4 fxe5 10. Nxe5 O-O 11. Qg4 Nxe5 12. Bxe5 Rf7 13. Nd6 Bxd6 14. Bxd6 Qf6 {0-1 (32) Sbarra,M (2237)-Guido,F (2327) Genova 2002}) 8... fxe5 9. Nxe5 {The position is equal.} O-O 10. Qg4 {[#]} (10. Be2 $11) 10... Nc2+ (10... d5 $1 $17 {[%cal Rd5e4]} 11. Nd7 e5 12. Bxe5 Rf7 13. Nef6+ Bxf6 14. Nxf6+ Rxf6) 11. Kd1 $11 Nd4 12. Nxc5 Bxc5 (12... Nf5 {looks sharper.} 13. Na4 d6 14. Nf3 Nc6 15. Kc1 e5) 13. Bxd4 Bxd4 14. Qxd4 d6 $1 {[%cal Rd6e5]} 15. Nf3 Nc6 16. Qe4 (16. Qe3 $11) 16... Qf6 (16... e5 $1 $15) 17. Rc1 $36 {[%mdl 2048] White fights for an advantage.} e5 18. Bd3 g6 $1 19. Qe3 a5 20. Be4 a4 21. h3 a3 (21... Bf5 $11 {remains equal.}) 22. Bxc6 bxc6 23. c5 {[%cal Bc4c5,Bc5d6][%mdl 32]} e4 (23... dxc5 $14 24. Rc3 (24. Qxe5 Qxe5 25. Nxe5 Rxf2 $14) (24. Rxc5 e4 $14) (24. Nxe5 Qxf2 25. Qxf2 Rxf2 $14) (24. Qxc5 e4 $14) 24... e4 25. Qxe4 Be6) 24. Qxe4 $16 {Hoping for cxd6.} Qb2 25. cxd6 ({Don't play} 25. Qxc6 $6 Be6 $11) 25... Qxa2 26. Qc4+ ({Wrong is} 26. Qxc6 $2 Qxb3+ 27. Ke1 Bb7 $19) 26... Kh8 27. Qc3+ Kg8 {[#]} 28. Re1 $1 {[%cal Re1e7]} Ra7 $2 {[%mdl 8192]} (28... Qb2 $16) 29. Qc4+ (29. Re7 $142 Rxe7 30. dxe7) 29... Raf7 $18 {If only Black now had time for ...Ba6....} 30. Ne5 Ba6 31. Qc2 ({Not} 31. Qxa6 Qxb3+ 32. Rc2 Qb1+ 33. Rc1 Qb3+ 34. Rc2 Qb1+ 35. Rc1 Qb3+ $11) 31... Qxc2+ 32. Kxc2 Rxf2 33. Ra1 {Precision: White = 42%, Black = 35%.} 1-0

[Event "10th Mumbai Mayors Cup 2017"]
[Site "Mumbai"]
[Date "2017.06.04"]
[Round "1"]
[White "Hossain, Enamul"]
[Black "Raja Rithvik R"]
[Result "0-1"]
[WhiteElo "2464"]
[BlackElo "2155"]
[Annotator "TA"]
[PlyCount "88"]
[EventDate "2017.06.04"]
[EventType "swiss"]
[EventCountry "IND"]
[SourceTitle "playchess.com"]
[Source "ChessBase"]
[SourceQuality "1"]

{[%evp 15,88,-18,-10,-50,-44,-40,-43,-37,-16,-30,-21,-31,-19,-23,-31,-30,-22,-50,-45,-43,-31,-74,-75,-86,-71,-81,-60,-75,-49,-107,-75,-92,-52,-97,-81,-107,-82,-250,-199,-237,-265,-255,-250,-320,-281,-295,-139,-177,-167,-172,-170,-163,-152,-516,-500,-851,-833,-777,-661,-574,-377,-375,-311,-714,-514,-979,-964,-968,-967,-1282,-1306,-1335,-1273,-1371,-1177]} 1. e4 c5 2. Nf3 d6 3. c3 Nf6 4. Be2 g6 5. O-O Bg7 6. Re1 O-O 7. Bf1 Nc6 8. h3 e5 9. a3 {B50: Sicilian: 2...d6, Miscellaneous} (9. d3 h6 10. a3 d5 11. Nbd2 a5 12. a4 Re8 13. exd5 Nxd5 14. Nc4 b6 15. Qb3 Ra7 16. Bd2 Rae7 17. Rad1 Kh7 18. g3 {1-0 (73) Sedlak,N (2571)-Ivanisevic,I (2614) Belgrade 2009}) 9... d5 10. exd5 Nxd5 11. Bb5 $146 {Black is slightly better.} ({Predecessor:} 11. d3 b6 12. b4 Bf5 13. Nfd2 Nf4 14. Ne4 Qd5 15. Qf3 Rad8 16. Bxf4 exf4 17. bxc5 Bxe4 18. Qxe4 Qxe4 19. dxe4 bxc5 {½-½ (28) Lightowlers,O (2383)-Nierobisz,J (2291) ICCF email 2007}) 11... Nde7 12. d3 h6 13. Be3 b6 {[%cal Bb7b6,Bb6b5][%mdl 32]} 14. b4 cxb4 15. axb4 Bb7 16. Ra2 a6 17. Ba4 Nd5 18. Bc1 b5 19. Bb3 Kh7 20. Rae2 f5 21. Bd2 Rc8 22. c4 (22. Na3 $15) 22... bxc4 23. Bxc4 Nb6 {Threatens to win with ...e4!} 24. Be6 Rc7 25. Be3 Nd5 26. Qb3 $2 (26. Bxd5 $17 {was the only chance.} Qxd5 27. Bc5) 26... Ncxb4 27. Bd2 {[#]} Nxd3 $1 {[%mdl 512]} 28. Qxd3 e4 29. Qb3 exf3 30. gxf3 {[#]} Qa8 (30... a5 $1 $19 {[%mdl 512]} 31. Kg2 (31. Bxa5 Nf4) 31... Qd6 32. Bxd5 Bxd5) 31. Na3 Rb8 32. Nc4 Bc6 $36 {[%cal Bb7c6,Bc6a4,Ba4c2,Bc2d3][%mdl 2080] Keeping White busy.} 33. Qd3 {[#]} Rd8 $1 34. Ba5 $2 (34. Bxd5 $17 Bxd5 35. Nb6) 34... Nf4 $19 35. Qc2 {[#]} (35. Qe3 $142 Nxe2+ 36. Qxe2 Bxf3 37. Qe3) 35... Ba4 $1 {[%mdl 512]} 36. Bxc7 (36. Qxa4 Qxf3) 36... Bxc2 37. Bxf4 Bd3 38. Re3 Rd4 39. Nb6 $2 (39. Ne5 Bc4 40. Bxc4 Rxf4 41. Bf1) 39... Qb7 {Black is clearly winning.} 40. Be5 (40. Nd5 $142 Bc4 41. Be5 Rxd5 42. Bxd5 Qxd5 43. Ba1 Bxa1 44. Rxa1) 40... Bxe5 41. Rxe5 Qxb6 42. Bd5 h5 43. Re7+ Kh6 44. Bf7 Bc4 {Precision: White = 27%, Black = 65%.} 0-1

[Event "10th Mumbai Mayors Cup 2017"]
[Site "Mumbai"]
[Date "2017.06.04"]
[Round "1"]
[White "Neelotpal, Das"]
[Black "Vatsal Singhania"]
[Result "1-0"]
[WhiteElo "2438"]
[BlackElo "2134"]
[Annotator "TA"]
[PlyCount "49"]
[EventDate "2017.06.04"]
[EventType "swiss"]
[EventCountry "IND"]
[SourceTitle "playchess.com"]
[Source "ChessBase"]
[SourceQuality "1"]

{[%evp 20,49,46,55,79,70,82,76,70,61,112,101,100,103,118,108,100,102,149,122,186,183,279,297,300,279,277,288,319,324,379,383]} 1. Nf3 d5 2. g3 Nf6 3. Bg2 e6 4. c4 Be7 5. d4 dxc4 6. Qa4+ Bd7 7. Qxc4 Bc6 8. Nc3 {E02: Open Catalan: 5 Qa4+} O-O 9. O-O a6 10. Bg5 Nbd7 11. Rfe1 {LiveBook: 3 Games} Nd5 $146 ({Predecessor:} 11... Nb6 12. Qd3 h6 13. Bxf6 Bxf6 14. e4 Na4 15. Qc2 Nxc3 16. bxc3 b6 {1-0 (36) Sethuraman,S (2578)-Surendran,N (2242) Kolkata 2014}) 12. Bxe7 Nxe7 13. e4 b5 14. Qb3 Nb6 ({Better is} 14... Bb7 $14) 15. Rad1 Bb7 16. Qc2 Qc8 17. Nb1 {[%cal Bc3b1,Bb1d2,Bd2b3,Bb3a5,Ba5c4][%mdl 32]} Rd8 18. Nbd2 Na4 19. Nb3 Nc6 (19... a5 $16 {was necessary.} 20. Bf1 c6) 20. a3 $18 Rd7 (20... Ne7 $142 21. Na5 c6) 21. d5 Nd8 22. Bh3 c5 23. Ne5 Rd6 24. Na5 Qc7 {[#]} 25. Nac4 $1 {[%mdl 512] Precision: White = 97%, Black = 22%.} 1-0

[Event "10th Mumbai Mayors Cup 2017"]
[Site "Mumbai"]
[Date "2017.06.04"]
[Round "1"]
[White "Khusenkhojaev, Muhammad"]
[Black "Bartakke, Amardeep S"]
[Result "*"]
[WhiteElo "2424"]
[BlackElo "2101"]
[Annotator "TA"]
[PlyCount "50"]
[EventDate "2017.06.04"]
[EventType "swiss"]
[EventCountry "IND"]
[SourceTitle "playchess.com"]
[Source "ChessBase"]
[SourceQuality "1"]

{[%evp 18,50,27,27,46,37,34,12,27,20,75,75,93,98,92,87,83,0,0,0,0,5,4,8,7,-787,0,6,8,5,5,5,8,10,8]} 1. Nf3 Nf6 2. c4 e6 3. Nc3 Bb4 4. Qc2 O-O 5. a3 Bxc3 6. Qxc3 d6 7. g3 b6 8. Bg2 Bb7 9. b4 Nbd7 10. Bb2 a5 {A17: English Opening: 1...Nf6 with ...Bb4} (10... c5 11. O-O Qe7 12. d3 Rfc8 13. b5 d5 14. a4 a6 15. e4 Qf8 16. Rfe1 axb5 17. axb5 Rxa1 18. Bxa1 Ra8 19. Bb2 dxc4 20. Qxc4 {0-1 (42) Van Wely,L (2697)-Kramnik,V (2809) Monte Carlo 2002}) 11. O-O Re8 12. d4 e5 $146 ({Predecessor:} 12... axb4 13. axb4 Qe7 14. Rfe1 Qf8 15. Rad1 Ra4 16. Qb3 Rea8 17. d5 e5 18. Nd2 {½-½ (53) Dgebuadze,A (2551)-Stark,L (2426) Neustadt an der Weinstrasse 2012}) 13. dxe5 dxe5 (13... Nxe5 $11 {remains equal.} 14. Nxe5 Bxg2 15. Kxg2 dxe5) 14. Rfd1 $16 {[%cal Rf3e5]} Qe7 15. Nxe5 $1 axb4 16. axb4 ({But not} 16. Qxb4 $6 c5 $11) 16... Rxa1 17. Rxa1 (17. Bxa1 $16 {Nxd7 is the strong threat.} Nxe5 18. Bxb7) 17... Bxg2 $11 18. Nxd7 Qxd7 19. Kxg2 {next Qd3 is good for White.} Rxe2 20. Ra8+ Re8 21. Qa3 $2 {[%mdl 8192] [#]} (21. Rxe8+ $11 Nxe8 22. Qe3) 21... Rxa8 $2 (21... Qc6+ $19 22. Qf3 Qxa8 23. Qxa8 Rxa8) 22. Qxa8+ {The position is equal.} Qe8 $132 {[%mdl 2048] Black puts up resistance} 23. Qxe8+ Nxe8 24. Kf3 Kf8 25. Ke4 c6 $1 {Precision: White = 59%, Black = 36%.} *

[Event "10th Mumbai Mayors Cup 2017"]
[Site "Mumbai"]
[Date "2017.06.04"]
[Round "1"]
[White "Laxman, R R"]
[Black "Chitlange Sakshi"]
[Result "0-1"]
[WhiteElo "2421"]
[BlackElo "2096"]
[Annotator "TA"]
[PlyCount "148"]
[EventDate "2017.06.04"]
[EventType "swiss"]
[EventCountry "IND"]
[SourceTitle "playchess.com"]
[Source "ChessBase"]
[SourceQuality "1"]

{[%evp 20,148,24,10,9,4,21,-20,-9,-38,-32,-46,-51,-51,-27,-24,-32,-37,0,-16,0,-5,-5,-12,10,0,0,0,-12,-25,0,0,0,-70,0,-32,-19,-66,-66,-66,-66,-66,-66,-66,-58,-97,-87,-84,-84,-99,-102,-102,-93,-85,-103,-102,-96,-103,-86,-97,-71,-108,0,-99,-81,-101,-83,-87,-83,-137,-156,-137,-159,-152,-147,-145,-122,-139,-115,-154,-129,-160,-158,-185,-171,-207,-201,-197,-181,-224,-193,-448,-447,-612,-511,-614,-588,-705,-627,-1366,-1250,-1201,-1152,-894,-951,-1764,-1208,-964,-959,-1264,-979,-12844,-852,-829,-707,-12833,-12833,-12828,-2781,-12837,-12837,-12840,-12840,-12850,-29982,-29982,-29983,-29983,-29984,-29984,-29985]} 1. Nf3 Nf6 2. b3 e6 3. Bb2 b6 4. g3 Bb7 5. Bg2 Be7 6. O-O O-O 7. c4 d5 8. cxd5 exd5 9. d4 Nbd7 10. Nc3 Re8 11. e3 {LiveBook: 3 Games. E17: Queen's Indian: 4 g3 Bb7 5 Bg2 Be7} (11. Rc1 Nf8 12. Qc2 Ne6 13. Rfd1 a6 14. Ne5 Bd6 15. e3 Rc8 16. Qb1 Qe7 17. Nc4 Bb4 18. Ne2 Ng5 19. a3 dxc4 20. Bxb7 {0-1 (53) Zeng,C (2541)-Wang,H (2713) China 2015}) 11... Ne4 12. Rc1 Ndf6 13. Nd2 $146 {The position is equal.} ({Predecessor:} 13. Ne5 c5 14. dxc5 Bxc5 15. Ng4 Ba6 16. Nxf6+ Qxf6 17. Nxe4 Qxb2 18. Nxc5 bxc5 {½-½ (77) Houska,J (2397)-Ivanov,S (2545) Stockholm 2017}) 13... Nxc3 14. Rxc3 Bb4 15. Rc2 Ba6 16. Re1 Bd3 17. Rc1 Ne4 18. Nxe4 Bxe4 19. Re2 Bxg2 20. Kxg2 Bd6 21. Rec2 Qg5 22. Qf3 Re4 23. Rxc7 Bxc7 24. Rxc7 Qg6 25. Ba3 f5 26. Qe2 (26. Kf1 $11) 26... a6 (26... f4 $1 $15 27. Qf3 fxe3 28. fxe3 Rae8) 27. Qc2 Re6 28. Bb4 Rae8 29. Qd3 Qg4 30. h3 Qe4+ 31. Qxe4 fxe4 $15 {[%mdl 4096] Endgame KRR-KRB} 32. Rd7 Rc8 33. Bd6 Rf6 {And now ...Rc2 would win.} 34. Be5 Rf7 35. Rxd5 Rc2 36. Bf4 Rxa2 37. g4 Rb2 38. b4 h6 39. Rd8+ Rf8 40. Rd7 Rf7 41. Rd8+ Kh7 $1 42. Ra8 Rxb4 43. Rxa6 Rb7 44. d5 ({White should try} 44. h4) 44... Rb5 $17 45. Ra4 Rxd5 46. Rxe4 b5 {...b4 is the strong threat.} 47. Rb4 Rc5 48. Kf3 Kg6 49. h4 Kf6 50. g5+ hxg5 51. Bxg5+ Ke6 52. Ke4 Rd7 {Hoping for ...Rc4+.} 53. Kf3 Kd5 54. Rb2 Kc4 55. Ke2 $2 (55. Rc2+ {was worth a try.} Kb4 56. Re2) 55... b4 $19 56. Rc2+ Kb5 57. Rb2 Ka4 58. Ra2+ {[#]} Kb3 $1 {[%cal Rb3a2]} 59. Ra8 Kc2 60. Ra2+ Kb1 61. Ra4 b3 {[%cal Bb4b3,Bb3b2][%mdl 32]} 62. e4 b2 63. Be3 Rc2+ 64. Ke1 Rc6 65. Bd4 {[#]} Kc2 (65... Rxd4 $142 $1 {[%mdl 512]} 66. Rxd4 Kc2 67. Rd2+ Kb3 68. Rxb2+ Kxb2) 66. Bxb2 Kxb2 67. Ke2 Kb3 68. Ra5 Rf7 69. Rg5 Rc2+ 70. Ke3 Rcxf2 71. Rxg7 Rxg7 72. Kxf2 {Black mates.} Rg4 73. Ke3 Kc4 74. h5 Rh4 {Precision: White = 41%, Black = 68%.} 0-1

[Event "10th Mumbai Mayors Cup 2017"]
[Site "Mumbai"]
[Date "2017.06.04"]
[Round "1"]
[White "Krishna Teja, N."]
[Black "Nayak Rajesh"]
[Result "1/2-1/2"]
[WhiteElo "2406"]
[BlackElo "2092"]
[Annotator "TA"]
[PlyCount "69"]
[EventDate "2017.06.04"]
[EventType "swiss"]
[EventCountry "IND"]
[SourceTitle "playchess.com"]
[Source "ChessBase"]
[SourceQuality "1"]

{[%evp 16,69,31,29,33,20,33,-12,19,25,40,42,68,-22,32,0,0,0,35,44,72,63,53,54,54,58,49,54,105,69,79,70,96,94,103,108,87,103,67,8,11,16,21,-5,-1,-11,-17,-35,8,8,15,13,14,12,17,24]} 1. d4 Nf6 2. c4 g6 3. Nc3 Bg7 4. e4 d6 5. Be2 O-O 6. Nf3 e5 7. d5 a5 8. Be3 Na6 9. Nd2 Nd7 {E92: King's Indian: Classical: 6 Be2 e5: 7 dxe5, 7 Be3 and Petrosian System without 7...Nbd7} 10. g4 {[%cal Bg2g4,Bg4g5][%mdl 32]} Ndc5 11. g5 (11. h4 Bd7 12. Nf1 c6 13. Ng3 a4 14. h5 Qa5 15. Qd2 a3 16. hxg6 fxg6 17. b3 {0-1 (55) Saric,S (2448)-Kozul,Z (2591) Mali Losinj 2016}) 11... Bd7 $146 ({Predecessor:} 11... f5 12. gxf6 Bxf6 13. Rg1 Bd7 14. Nb3 b6 15. Nxc5 Nxc5 16. Bg4 Bh4 17. Bxd7 Qxd7 {0-1 (38) Walseth,T (2006)-Xu,H (2168) Kecskemet 2012}) 12. h4 {[%cal Bh2h4,Bh4h5][%mdl 32]} a4 13. h5 c6 14. f3 ({Avoid the trap} 14. Nxa4 $2 Nxa4 15. Rb1 cxd5 $19) (14. Kf1 $14) 14... f6 (14... gxh5 $1 $11 15. Rxh5 f5) 15. gxf6 Bxf6 16. hxg6 {Threatens to win with dxc6.} hxg6 17. Ndb1 (17. Nxa4 Nxa4 18. Qxa4 Bh4+ 19. Bf2 Bxf2+ 20. Kxf2 Qb6+ 21. Ke1 Qxb2 $15) 17... Bh4+ {[#]} 18. Kd2 $1 Bg5 {Strongly threatening ...Bxe3+.} 19. Qg1 Bxe3+ 20. Qxe3 ({Don't play} 20. Kxe3 Kg7 $15) 20... Qf6 21. Na3 Qf4 ({Black should play} 21... Kg7 $14) 22. Rh6 Kg7 23. Rah1 Rh8 24. Qxf4 exf4 25. Rxh8 Rxh8 26. Rxh8 Kxh8 27. dxc6 ({Better is} 27. Bd1 $14) 27... bxc6 $11 28. Bd1 Nb4 29. Bxa4 Nbd3 30. b3 Ne5 31. Ke2 Ne6 32. Nc2 {The position is equal.} Ng5 33. Ne1 Ngxf3 34. Nxf3 Bg4 35. Kf2 {Precision: White = 45%, Black = 47%.} 1/2-1/2